000
00323nam a2200133Ia 4500
008
260604s9999 xx 000 0 und d
020
_a
9789349908161
082
_a
891.433 CHA
100
_a
CHANNA
_9
35304
245
0
_a
NARI SAKTI:SAMAJA,ADHIKARA AURA SASAKTIKARANA
260
_b
DPS
500
_a
Nari Sakthi
942
_c
BK
999
_c
8076
_d
8076